000 00584nam a2200169Ia 4500
008 190719s9999||||xx |||||||||||||| ||und||
020 _a9789280141955
_c£ 12.00
040 _aIMU Kochi
082 0 4 _a363.73946
_bIn821
110 _aInternational Maritime Organization
245 0 _aInternational convention on the Control of Harmful Anti- fouling Systems on Ships /
_cInternational Maritime Organization
250 _a2nd ed.
260 _aLondon :
_bInternational Maritime Organization ,
_c2005
300 _avi, 69 p.
_c; 24 cm.
650 _aPaint, Antifouling.
942 _2ddc
_cBK
999 _c10
_d10